UK TV Shows of the 60's,70's & 80's - Statistics

General Stats
  • This quiz has been taken 107 times
  • The average score is 12 of 15
Answer Stats
Question Answer % Correct
1973 - 1977 Man About The House
100%
1969 - 1980 Magpie
98%
1971 - 1975 Upstairs Downstairs
98%
1973 - 1979 General Hospital
95%
1962 - 1978 Z Cars
95%
1964 - 1988 Crossroads
93%
1972 - 1984 Crown Court
85%
1984 - 1988 Me And My Girl
83%
1975 - 1976 Supersonic
78%
1982 - 1983 Triangle
76%
1960 - 1989 All Our Yesterdays
73%
1985 Connie
61%
1962 - 1965 Compact
56%
1973 - 1977 Beryl's Lot
54%
1970 - 1977 Aquarius
39%
No matching quizzes found
Score Distribution
Percent of People with Each Score
Percentile by Number Answered
Your Score History
You have not taken this quiz